عرض عادي
عرض مارك
- Poulsen, Keila.
مدخل إسم شخص
001 - رقم الضبط
- حقل الضبط: 38404
003 - معرف رقم الضبط
- حقل الضبط: OSt
005 - تاريخ ووقت أخر عملية
- حقل الضبط: 20131027183805.0
008 - عناصر بيانات ثابتة الطول
- حقل تحكم ثابت الطول: 131027|||a|||||| | ||| d
040 ## - مصدر الفهرسة
- هيئة الفهرسة الأصلية: OSt
- وكالة الكتابة: OSt
100 ## - مدخل -- أسم شخص
- إسم شخص: Poulsen, Keila.
670 ## - بيانات المصدر موجوده
- الاستشهاد بالمصدر: Work cat.: (OSt)0: Anderson Young, Shauna Christine, 1945- 38401, Anderson's atlas of hematology /, c2014.
